00658 2200229 4500001002100000005001500021035002000036007000300056008004100059020002200100082000800122084001400130100001700144245009400161260004300255300003600298650001400334700002100348520003500369990001200404990001200416INLIS00000000000146820180207031134 a0010-0218000063ta180207 0 ind  a978-602-249-816-2 a613 a613 AFI k0 aAFIN, Murtie1 aKhasiat Air Embun Bagi Kesehatan & Kecantikan /cAfin Murtie; penyunting, Saptono Raharjo aJakarta :bBhuana Ilmu Komputer,c2014 aviii, 94 hlm. :bilus. ;c21 cm aKESEHATAN0 aSAPTONO, Raharjo abibliografi: hlm 94; glosarium a16406 a a16406 b